000
00298 a2200121 4500
000
nam a22 7a 4500
005
20260312093210.0
020
_a
9781837722556
100
_a
Barbara Chamberlin
_9
1131713
245
_a
Horror and Comics
260
_b
University of Chicago
_c
2025
942
_c
TEXL
999
_c
1715150
_d
1715150